|
|
|
|
| LEADER |
01417nam a2200313 a 4500 |
| 001 |
12524281 |
| 003 |
BD-DhAAL |
| 008 |
091205s2009 njua b 001 0 eng d |
| 010 |
|
|
|a 2001050074
|
| 020 |
|
|
|a 9780135153109
|
| 020 |
|
|
|a 0135153107
|
| 040 |
|
|
|a DLC
|c DLC
|d DLC
|d BD-DhAAL
|
| 082 |
0 |
0 |
|a 658.8
|2 22
|
| 100 |
1 |
|
|a Armstrong, Gary
|q (Gary M.)
|
| 245 |
1 |
0 |
|a Marketing :
|b an introduction /
|c Gary Armstrong, Philip Kotler.
|
| 250 |
|
|
|a Ninth edition.
|
| 260 |
|
|
|a Upper Saddle River, NJ :
|b Pearson/Prentice Hall,
|c c2009.
|
| 300 |
|
|
|a 1 v. (various paging's) :
|b col. ill. ;
|c 26 cm.
|
| 504 |
|
|
|a Includes bibliographical references and indexes.
|
| 526 |
|
|
|x Shawkat Kamal
BRAC Business School
BRAC University
Course name and no. : N/A
|
| 541 |
1 |
|
|a Trust Line International
|e 00019605
|
| 650 |
|
0 |
|a Marketing.
|
| 650 |
|
0 |
|a Management.
|
| 700 |
1 |
|
|a Kotler, Philip.
|
| 852 |
4 |
|
|a Ayesha Abed Library
|j General Shelf.
|
| 942 |
0 |
0 |
|0 2
|2 ddc
|c BK
|
| 999 |
|
|
|c 6013
|d 6013
|
| 952 |
|
|
|0 0
|1 0
|2 ddc
|4 0
|6 658_800000000000000_ARM_2009
|7 0
|9 5998
|a BRACUL
|b BRACUL
|c GEN
|d 2009-12-07
|g 4725.00
|l 19
|m 166
|o 658.8 ARM
|p 3010019605
|r 2024-03-31
|s 2024-03-31
|t 1
|w 2009-12-07
|y BK
|x Requisitioned by Shawkat Kamal, BRAC Business School Course name and no. "not available"
|
| 952 |
|
|
|0 0
|1 0
|2 ddc
|4 0
|6 658_800000000000000_ARM_2009
|7 0
|9 7889
|a BRACUL
|b BRACUL
|c GEN
|d 2010-02-09
|l 23
|m 147
|o 658.8 ARM
|p 3010019744
|r 2025-03-04
|s 2025-02-17
|t 2
|w 2010-02-09
|y BK
|